000 00435nam a2200133Ia 4500
008 100328s9999 xx 000 0 und d
082 _b23256
100 _aगडकर अरविंद गजेंद्र
245 _aस्वर आले जुळुनी
260 _bश्रीराम
630 _aस्वर आले जुळुनी
730 _aस्वर आले जुळुनी
942 _cBOOK
999 _c517014
_d517011